Statistics for Ethnic Groups by Country Quiz #2

Click here to take the quiz!

General Stats

  • This quiz has been taken 46,157 times
    (20,500 since last reset)
  • The average score is 15 of 20

Answer Stats

Ethnic GroupCountry% Correct
HispanicsMexico
91%
CherokeesUnited States
91%
JavaneseIndonesia
90%
PunjabisPakistan
90%
BengalisBangladesh
88%
BasquesSpain
87%
ZulusSouth Africa
85%
KhmerCambodia
84%
ArabsEgypt
82%
SherpasNepal
80%
TagalogPhilippines
80%
UyghursChina
76%
InuitDenmark (Greenland)
72%
BerbersMorocco / Algeria
70%
TatarsRussia
70%
NubiansSudan
62%
SinhaleseSri Lanka
49%
AcadiansCanada
48%
AinuJapan
42%
DruzeSyria
34%

Score Distribution

Percentile by Number Answered

Percent of People with Each Score

Your Score History

You have not taken this quiz since the last reset